Helgoland-Quiz - Statistiken

Allgemein
  • Dieses Quiz wurde 78 mal gespielt
  • Das Durchschnittsergebnis liegt bei 7 aus 17
Antwortstatistiken
Hinweis Antwort % Korrekt
Bundesland Schleswig-Holstein
90%
Land dem Helgoland 1807–1890 gehörte Vereinigtes Königreich
69%
Kfz-Kennzeichen PI
63%
Diesem Land gehörte Helgoland im 14. Jahrhundert Dänemark
62%
Helgoländer Friesischer Name Das Land
62%
Kreis Pinneberg
59%
Diese Partei erhielt bei der Reichstagswahl am 5. März 1933 auf Helgoland 50,6 % der Stimmen NSDAP
56%
Einzige Nebeninsel Düne
50%
Meeresströmung die die Nordsee erwärmt Golfstrom
47%
Farben im Wappen von Helgoland Grün, Rot, Weiß
34%
Sprache die lange Zeit die Verkehrssprache für den Kontakt mit dem Festland war Plattdeutsch
25%
Bürgermeister Jörg Singer
12%
Ereignis bei der die ursprünglich größere Insel zerbrach Neujahrsflut 1721
10%
Am 20. Dezember 1950 besetzten diese beiden Personen die Insel René Leudesdorff und Georg von Hatzfeld
10%
Naturschutzgebiet Helgoländer Felssockel
9%
Kreis zu dem Helgoland vom 1. Oktober 1922 bis zum 1. Oktober 1932 gehörte Kreis Helgoland
9%
1630 wurde das erste von dem auf der Insel gebaut Leuchtfeuer
9%
Keine übereinstimmenden Quizze gefunden
Verteilung der Resultate
Anzahl Personen mit jedem Resultat
Perzentil nach korrekt beantworteten Fragen
Ihre Resultats-Entwicklung
Sie haben dieses Quiz noch nicht gespielt